000 01097nam0a22002651 4500
001 rc\2768913
005 20250806204126.0
035 _a(NLR Aleph) 006895316
090 _a18732
_c18732
100 _a20110915d1941 u y0rusy50 ca
101 0 _arus
102 _aRU
105 _aa z |||||
200 1 _aДвухламповый приемник на постоянном токе
_e[Устройство и монтаж]
_fСоставитель: М. Я. Петровский
_gРост. обл. станция юных техников и натуралистов
210 _a[Ростов-на-Дону]
_cРостведиздат
_d1941
215 _a24 с., без тит. л.
_cил., черт.
_d17 см.
300 _aВ выпуск. данных указан составитель: М. Я. Петровский
702 1 _aПетровский
_bМ.Я.
_4220
801 0 _aRU
_bNLR
_gpsbo
801 1 _aRU
_bELAR
_2rusmarc
852 _aNLR
_jПр20 Г-2/39
942 _cBOOK
945 _aРоссийская национальная библиотека
980 _aNB
980 _aBV